00844nam a22002177a 4500008004100000020001400041020001400055040001800069041000800087245011900095260007400214300002200288504005300310650005500363650003600418650002500454650001700479700002700496700002700523856007600550130821s1996 xxu gr eng  a226900169 a226900177 aCo-BoUCMbspa00aeng04aThe politics of difference ethnic premises in a world of powerceditado por Edwin N. Wilmsen y Patrick McAllister aChicago (Illinois, estados Unidos)bUniversity of Chicago Pressc1996 aix, 210 páginas aIncluye referencias bibliográficas e índice.04aCaracterísticas nacionalesxAspectos políticos04aEtnicidadxAspectos políticos04aRelaciones étnicas04aSociología1 aMcAllister, P. A.eed.1 aWilmsen, Edwin N.eed.42zTabla de Contenidouhttp://www.loc.gov/catdir/toc/uchi051/95035762.html